Fábulas para crecer / (Record no. 160879)

MARC details
000 -CABECERA
campo de control de longitud fija 00623nam a2200205 u 4500
005 - FECHA Y HORA DE LA ÚLTIMA TRANSACCIÓN
campo de control 20230328063546.0
008 - ELEMENTOS DE LONGITUD FIJA--INFORMACIÓN GENERAL
campo de control de longitud fija 121121s2007 r 000 0 eng d
020 ## - NÚMERO INTERNACIONAL NORMALIZADO PARA LIBROS
Número Internacional Estándar del Libro 9789974802667
035 ## - NÚMERO DE CONTROL DEL SISTEMA
Número de control de sistema UPN01000188776
049 ## - COLECCIÓN
Colección I
050 #4 - SIGNATURA TOPOGRÁFICA DE LA BIBLIOTECA DEL CONGRESO
Número de clasificación PN988
Número de documento/Ítem F3.28
245 00 - MENCIÓN DE TÍTULO
Título Fábulas para crecer /
Mención de responsabilidad, etc. adaptación Alejandra Erbiti.
260 ## - PUBLICACIÓN, DISTRIBUCIÓN, ETC.
Lugar de publicación, distribución, etc. Montevideo :
Nombre del editor, distribuidor, etc. Arquetipo,
Fecha de publicación, distribución, etc. 2007.
300 ## - DESCRIPCIÓN FÍSICA
Extensión 128 p. :
Otras características físicas principalmente il. col.
650 #4 - ASIENTO SECUNDARIO DE MATERIA - TERMINO TEMATICO
Término de materia o nombre geográfico como elemento de entrada FABULAS -
Subdivisión de forma ADAPTACIONES
9 (RLIN) 18479
650 #2 - ASIENTO SECUNDARIO DE MATERIA - TERMINO TEMATICO
Término de materia o nombre geográfico como elemento de entrada Fábulas
Subdivisión de forma Literatura infantil
9 (RLIN) 22028
700 1# - ASIENTO SECUNDARIO--NOMBRE DE PERSONAL
Nombre de persona Erbiti, Alejandra,
Fechas asociadas al nombre 1963-
Término indicativo de función/relación adapt.
9 (RLIN) 33263
905 ## - TIPO DE MATERIAL
Tipo de material Infantil
Holdings
Estado de retiro Estado de pérdida Fuente del sistema de clasificación o colocación Estado dañado No para préstamo Código de colección Localización permanente Ubicación/localización actual Ubicación en estantería Fecha de adquisición Total de préstamos Clasificación Código de barras Fecha visto por última vez Número de copia Tipo de ítem Koha
    Library of Congress Classification     Infantil Bib. Gregorio Torres Quintero Bib. Gregorio Torres Quintero Sala infantil Planta baja 10/05/2023 3 PN988 F3.28 256814 31/12/2020 1 Libro
    Library of Congress Classification     Infantil Bib. Gregorio Torres Quintero Bib. Gregorio Torres Quintero Sala infantil Planta baja 10/05/2023 2 PN988 F3.28 296920 31/12/2020 1 Libro